|
|
|
|
| LEADER |
00000nam0a2200000 4500 |
| 001 |
378768 |
| 005 |
20231102013030.0 |
| 035 |
|
|
|a (RuTPU)RU\TPU\retro\36229
|
| 090 |
|
|
|a 378768
|
| 100 |
|
|
|a 20230614d1978 k y0rusy50 ca
|
| 101 |
0 |
|
|a rus
|
| 102 |
|
|
|a UA
|
| 105 |
|
|
|a y z 000zy
|
| 200 |
1 |
|
|a Безопасность работ в газовом хозяйстве
|e сборник официальных материалов
|f сост. Л. В. Емельянов ; Б. А. Киселев ; П. Е. Котляр
|
| 210 |
|
|
|a Киев
|c Технiка
|d 1978
|
| 215 |
|
|
|a 272 с.
|
| 606 |
1 |
|
|a Газовое хозяйство
|x Техника безопасности
|2 stltpush
|3 (RuTPU)RU\TPU\subj\4625
|9 32875
|
| 610 |
1 |
|
|a газоснабжение
|
| 610 |
1 |
|
|a газовое оборудование
|
| 610 |
1 |
|
|a техника безопасности
|
| 610 |
1 |
|
|a противопожарная безопасность
|
| 610 |
1 |
|
|a газопроводные сети
|
| 610 |
1 |
|
|a газопроводы
|
| 610 |
1 |
|
|a эксплуатация
|
| 610 |
1 |
|
|a газораздаточные колонки
|
| 610 |
1 |
|
|a СНиПы
|
| 610 |
1 |
|
|a проектирование
|
| 610 |
1 |
|
|a стальные трубы
|
| 610 |
1 |
|
|a строительство
|
| 610 |
1 |
|
|a методические указания
|
| 610 |
1 |
|
|a газовые объекты
|
| 610 |
1 |
|
|a промышленные предприятия
|
| 610 |
1 |
|
|a планово-предупредительное обслуживание
|
| 610 |
1 |
|
|a прокладка
|
| 675 |
|
|
|a 696.2:658.382
|v 4
|
| 702 |
|
1 |
|a Емельянов
|b Л. В.
|g Леонид Васильевич
|4 220
|
| 702 |
|
1 |
|a Киселев
|b Б. А.
|g Борис Александрович
|4 220
|
| 702 |
|
1 |
|a Котляр
|b П. Е.
|g Петр Ефимович
|4 220
|
| 801 |
|
1 |
|a RU
|b 63413507
|c 20230614
|
| 942 |
|
|
|c BK
|